000 00662nam a22002177a 4500
999 _c11987
_d11987
003 AR-CdUCM
008 190405b ||||| |||| 00| 0 spa d
040 _aMUNICIPALIDAD PROVINCIAL DEL CUSCO
_cBIBLIOTECA MUNICIPAL DEL CUSCO
082 _a869.56 /
_bF66 / 1966
100 _aFlorián, Mario
_914609
245 _aNaturaleza viva :
_bepopeya, 1961 /
260 _aLima :
_bCIP,
_c1966.
300 _a17 páginas ;
_c24 cm.
505 _aContenido: Poesías.
650 _aPoesías peruanas
_91481
650 _aSiglo XX
_98
650 _aLiteratura
_983
700 _aRomualdo, Alejandro (dibujo)
_929626
942 _2ddc
_cLIBROS
945 _aachl
_d2019-04-05